[Event "EU-ch 12th"]
[Site "Aix les Bains"]
[Date "2011.03.26"]
[Round "5"]
[White "Vallejo Pons, Francisco"]
[Black "Papaioannou, Ioannis"]
[Result "1-0"]
[WhiteElo "2707"]
[BlackElo "2605"]
[Annotator "Ftacnik,L"]
[PlyCount "55"]
[EventDate "2011.03.22"]
[EventType "swiss"]
[EventRounds "11"]
[EventCountry "FRA"]
[SourceTitle "CBM 142 Extra"]
[Source "ChessBase"]
[SourceDate "2011.06.27"]
[SourceVersion "1"]
[SourceVersionDate "2011.06.27"]
[SourceQuality "1"]

1. e4 c5 2. Nf3 d6 3. d4 cxd4 4. Nxd4 Nf6 5. Nc3 a6 6. Bg5 Nbd7 7. Qe2 {
The variation with 6.Bg5 is very dangerous for Black. White even has the
option to test the lesser known line. The queen on e2 is less exposed than on
f3 and what is more - supports the pawn advance e4-e5.} Qa5 (7... h6 8. Bh4 g5
(8... Qc7 9. O-O-O g5 10. Bg3 e6 11. h4 Rg8 12. hxg5 hxg5 13. Qd2 Ne5 14. f3
Bd7 15. Kb1 Rb8 16. Bd3 b5 17. Nce2 $14 {0-1 Milov,L (2562)-Gashimov,V (2719)/
Mainz 2010 (42)}) 9. Bg3 e5 10. Nf5 Nc5 11. O-O-O Bxf5 12. exf5 Qc7 13. h4 Rg8
14. hxg5 hxg5 15. Qe3 Rc8 16. Rd2 Ncd7 17. Qd3 Nc5 18. Qf3 Qc6 19. Qd1 Nce4 20.
Nxe4 Nxe4 21. Rd3 Qb6 $2 (21... g4 22. Be2 Be7 $14) 22. Rb3 $16 {1-0 Balogh,C 
(2622)-Savchenko,S (2526)/Dubai 2010 (50)}) (7... b5 8. O-O-O (8. f4 e5 9. Nd5
Bb7 10. fxe5 dxe5 11. Nf3 Qa5+ 12. Bd2 b4 13. c4 Bc5 14. g3 O-O 15. Bh3 Bxd5
16. cxd5 Rac8 17. Bf1 Bb6 18. a3 Rc2 19. Qxa6 Qc5 $19 {0-1 Brasket,C (2360)
-Browne,W (2610)/Lone Pine 1974 (36)}) 8... Bb7 9. Nd5 (9. f4 e5 10. Nf5 Qb6
11. g3 Rc8 12. Bg2 g6 13. Ne3 Rxc3 14. bxc3 Qa5 15. Kb1 Qxc3 16. Rd3 Nxe4 17.
Nd1 Qc4 18. Re1 f5 19. fxe5 Nxe5 $15 {1/2-1/2 Kuzmin,G (2479)-Vitiugov,N (2592)
/Sochi 2007 (34)}) 9... Nxd5 10. exd5 Bxd5 11. Nxb5 axb5 12. Rxd5 Rxa2 13. Qxb5
h6 14. Bc4 Ra1+ 15. Kd2 Rxh1 16. Rxd6 hxg5 17. Bxf7+ Kxf7 18. Qf5+ Nf6 19. Rxd8
e6 $17 {0-1 Melia,S (2462)-Parligras,M (2598)/Aix les Bains 2011 (64)}) (7...
Qc7 8. O-O-O e6 9. f4 b5 (9... Be7 10. g3 (10. Nf3 h6 11. Bh4 e5 12. g3 Nb6 13.
Qd3 Bg4 14. h3 Bxf3 15. Qxf3 Ng8 16. Qg4 Nf6 17. Bxf6 Bxf6 18. f5 Rc8 19. Qe2
Qd7 20. Qf3 {1/2-1/2 Negi,P (2634)-Ghaem Maghami,E (2575)/Dubai 2010 (32)})
10... h6 11. Bh4 b5 (11... Nb6 12. Bg2 Ng8 13. f5 e5 14. Nb3 Bxh4 15. gxh4 Nf6
16. Rd3 Bd7 17. Rhd1 O-O-O 18. Rxd6 Bc6 19. R6d3 Rhe8 20. Bf3 Rxd3 21. cxd3 $14
{1-0 Shabalov,A (2585)-Aveskulov,V (2544)/Beijing 2008 (43)}) 12. Bg2 b4 13. e5
dxe5 14. Bxa8 bxc3 15. fxe5 Nxe5 16. Rhe1 Qb8 17. bxc3 Ba3+ 18. Kd2 Nfd7 19.
Bc6 Nxc6 20. Nxc6 Qd6+ $17 {0-1 Naiditsch,A (2687)-Korobov,A (2648)/Moscow
2010 (32)}) 10. f5 (10. a3 Be7 11. g4 Bb7 12. Bxf6 Bxf6 (12... gxf6 13. Kb1 Nb6
14. h4 h6 15. Rh3 Rg8 16. f5 e5 17. Nb3 Rc8 18. Nc1 Qb8 19. N1a2 Qa8 20. Nb4
$16 {1-0 Perez Candelario,M (2524)-Spirin,O (2464)/Navamoral de la Mata 2010 
(41)}) 13. g5 Bxd4 14. Rxd4 e5 15. Rd1 exf4 16. Qd2 O-O 17. Qxf4 Ne5 18. h4 d5
19. Kb1 dxe4 20. Nd5 Bxd5 21. Rxd5 Rae8 $11 {1/2-1/2 Balogh,C (2608)-Kraemer,M
(2516)/Germany 2010 (38)}) 10... e5 (10... b4 11. fxe6 bxc3 12. exd7+ Bxd7 13.
Qc4 cxb2+ 14. Kb1 Qxc4 15. Bxc4 Be7 16. Nf5 Bxf5 17. exf5 Ne4 18. Rde1 Nxg5 19.
h4 Kd8 20. hxg5 Bxg5 21. Bxf7 $11 {1/2-1/2 Ismagambetov,A (2492)-Brodsky,M 
(2549)/Tiumen 2010 (34)}) 11. Nd5 Nxd5 12. exd5 Nb6 13. g4 h5 14. gxh5 Be7 15.
Rg1 Nxd5 16. Qg2 Bb7 17. Bxe7 Qxe7 18. Qxg7 O-O-O 19. f6 Qxf6 20. Qxf6 Nxf6 21.
Nf5 Kc7 $15 {0-1 Zambrana,O (2513)-Mareco,S (2627)/Campinas 2011 (38)}) (7...
e6) 8. h4 $146 {[%mdl 4] The sortie of the black queen to the a5-square has
not been much tested as a continuation. What is more, White's reaction is
technically a novelty already at move 8!} (8. f4 e5 (8... e6 9. O-O-O Be7 10.
g4 h6 11. Bxf6 Bxf6 12. Bg2 g5 13. e5 dxe5 14. Nb3 Qc7 15. Ne4 Be7 16. f5 Nf6
17. Nxf6+ Bxf6 18. Rhf1 exf5 19. gxf5 Bd7 $15 {0-1 Dubinsky,R (2269)-Odeev,H 
(2403)/Moscow 1999 (52)}) 9. Nb3 Qc7 10. g4 b5 11. Bg2 Bb7 12. a4 b4 13. Nd5
Nxd5 14. exd5 h6 15. Bh4 Be7 16. Bxe7 Kxe7 17. O-O-O Rac8 18. Kb1 Kf8 19. Rhf1
$16 {0-1 Miroshnichenko,E (2670)-Nyzhnyk,I (2563)/Reykjavik 2011 (35)}) (8. Bh4
e5 9. Nb3 Qc7 10. g3 h6 11. f4 Be7 12. a4 b6 13. Bg2 Bb7 14. O-O O-O 15. f5
Rfe8 16. g4 Nxe4 17. Nxe4 Bxh4 18. Nxd6 Bxg2 19. Nxe8 Bxf1 20. Nxc7 Bxe2 21.
Nxa8 {0-1 Kapnisis,S (2514)-Kovalyov,A (2599)/Leros 2010 (47)} Bd8 $15) 8... h6
9. Bd2 Qb6 10. Nb3 e6 11. g4 {There is a clear logic also to to the transfer
of the rook to the 3rd rank. The temperamental Spaniard has decided to launch
an attack without any delay.} (11. Rh3 h5 12. O-O-O Be7 13. Rg3 $14) 11... Ne5
12. f4 (12. Bh3 Qc7 13. g5 hxg5 14. hxg5 Nh5 15. O-O-O Bd7 16. g6 Nxg6 17. Bxe6
Bxe6 18. Rxh5 Bc4 19. Qg4 (19. Nd5 Bxe2 20. Nxc7+ Kd7 21. Rxh8 Kxc7 22. Rh7
Bxd1 23. Kxd1 $11) 19... Ne5 20. Qh4 Rxh5 21. Qxh5 O-O-O 22. Rh1 $14) 12...
Nexg4 13. e5 {It is easier to offer some more promising continuations after
the game. It seems tempting enough to fix the structure of the kingside with
13.h5!? and postpone the e4-e5 advance for a more suitable moment.} (13. h5 $5
e5 14. f5 a5 (14... g6 15. hxg6 fxg6 16. Nd5 Nxd5 17. Qxg4 $16) 15. a4 d5 16.
Nxd5 Nxd5 17. exd5 Bxf5 18. Rh4 Qg1 19. Qb5+ Bd7 20. O-O-O $16) 13... dxe5 14.
fxe5 Qc7 $1 15. exf6 (15. Bf4 Bb4 16. Rh3 h5 17. O-O-O Nd7 18. Rd4 Be7 $11)
15... Qg3+ 16. Kd1 Nf2+ 17. Kc1 Nxh1 18. Ne4 Qxh4 {A good sign of the
intrinsic health of this forced line is the fact that Black could have chosen
another sensible line with queen centralisation 18...Qe5.} (18... Qe5 19. Qg2 (
19. Qe3 g5 20. Na5 Qf4 21. Bg2 Qh2 22. Bf1 $11) 19... gxf6 20. Qxh1 Rg8 $13)
19. Qc4 (19. Be1 Qf4+ 20. Bd2 Qh4 $11) 19... g5 20. Nbc5 (20. Qd3 $6 g4 $1 21.
Nd6+ Bxd6 22. Qxd6 Qxf6 23. Bg2 Nf2 $19) 20... Ng3 $2 {Black has not realised
the full extent of danger from the concentrated white forces to his own king.
Fortunately for the defender there are sufficient solutions to his problems,
but it all began with the seemingly weakening advance of the b-pawn.} (20... b5
21. Qd3 (21. Qd4 Qh2 (21... Ra7 22. Nxa6 $18) 22. Ba5 Qf4+ 23. Kd1 Qxf1+ 24.
Kd2 Qf4+ 25. Kc3 Qf3+ 26. Kd2 (26. Kb4 Bxc5+ 27. Nxc5 O-O $19) 26... Qf4+ 27.
Kc3 $11) 21... Ra7 22. Ba5 Qf4+ 23. Kb1 Rc7 24. Bxc7 Qxc7 25. b4 Nf2 26. Nxf2
Bxc5 27. bxc5 Qxc5 $11) 21. Qa4+ $1 b5 (21... Kd8 22. Ba5+ b6 23. Bxb6#) 22.
Bxb5+ axb5 23. Qxb5+ Kd8 24. Ba5+ Rxa5 25. Qxa5+ {What is very sad for Black
is the fact that White did not even have to take the rook in order to force
the mating pattern.} (25. Qb6+ Ke8 26. Nd6+ Bxd6 27. Qc6+ Kd8 28. Qxd6+ $18)
25... Ke8 26. Qb5+ Kd8 27. Qb6+ Ke8 28. Nd6+ {The mate for the black king is
only few moves away.} (28. Nd6+ Bxd6 29. Qc6+ $18) 1-0

[Event "RUS-chT 19th"]
[Site "Sochi"]
[Date "2012.04.10"]
[Round "2"]
[White "Kokarev, Dmitry"]
[Black "Wang, Hao"]
[Result "0-1"]
[WhiteElo "2637"]
[BlackElo "2733"]
[Annotator "Ftacnik,L"]
[PlyCount "74"]
[EventDate "2012.04.09"]
[EventType "team-swiss"]
[EventRounds "7"]
[EventCountry "RUS"]
[SourceTitle "CBM 148"]
[Source "ChessBase"]
[SourceDate "2012.05.16"]
[SourceVersion "1"]
[SourceVersionDate "2012.05.16"]
[SourceQuality "1"]
[WhiteTeam "Nizhniy Tagil Polytechnik"]
[BlackTeam "Moscow ShSM-64"]
[WhiteTeamCountry "RUS"]
[BlackTeamCountry "RUS"]

1. e4 c5 2. Nf3 d6 3. d4 cxd4 4. Nxd4 Nf6 5. Nc3 a6 6. Bg5 {The board now
features one of the sharpest positions in current opening theory. The defender
faces a problem, since he cannot match the extreme mobility of the white
pieces.} Nbd7 7. Qe2 {This is a very fresh direction of the theoretical
discussion. In the reaction to the modern 6...Nbd7 White is avoiding the main
move 7.f4, but tries for the immediate castling instead.} b5 8. O-O-O {White
players have already tried different methods to benefit from the fact, that at
this moment he has an advantage in piece development in the ratio of 4:2.} (8.
Nd5 Bb7 9. Bxf6 Nxf6 10. Nxf6+ gxf6 11. O-O-O Qc7 12. Kb1 O-O-O 13. g3 Kb8 14.
Bg2 e6 15. Bf3 Rg8 16. h4 Rc8 17. Rd3 Qb6 18. Rhd1 $14 {0-1 Alsina Leal,D 
(2545)-Alonso Rosell,A (2493)/Sabadell 2011 (48)}) (8. f4 e5 $1 9. Nd5 (9. Nf5
h6 10. fxe5 dxe5 11. Bh4 Qc7 12. O-O-O g6 13. Ne3 Bb7 14. Qf3 Bg7 15. g4 b4 16.
Bxf6 Nxf6 17. Ncd5 Nxd5 18. Nxd5 Bxd5 19. Rxd5 O-O $11 {1-0 Istratescu,A (2628)
-Griffiths,R (2310)/Bunratty 2012 (83)}) 9... Bb7 10. fxe5 dxe5 11. Nf3 Qa5+
12. Bd2 b4 13. c4 Bc5 14. g3 O-O 15. Bh3 Bxd5 16. cxd5 Rac8 17. Bf1 Bb6 18. a3
Rc2 19. Qxa6 Qc5 $17 {0-1 Brasket,C (2360)-Browne,W (2610)/Lone Pine 1974 (36)}
) (8. g4 h6 9. Bd2 Nb6 10. g5 hxg5 11. Bxg5 Bb7 12. Bxf6 gxf6 13. Ndxb5 Rc8 14.
Nd4 Bh6 15. Qg4 e6 16. Rg1 Nc4 17. Bxc4 Rxc4 18. Nxe6 Qa5 19. Ng7+ Kf8 20. Kf1
$16 {1-0 Fluvia Poyatos,J (2472)-Alonso Rosell,A (2477)/Barcelona 2011 (64)})
8... Bb7 {Black should rush his development and not provoke the opponent with
absurd moves like 8...b4?!} (8... b4 $6 9. Nd5 Bb7 10. f4 g6 11. Qc4 Nxd5 12.
exd5 Bg7 13. Nc6 Bxc6 14. dxc6 Nf6 15. Be2 O-O 16. Bf3 Qb6 17. Rhe1 Ra7 18. f5
Rc7 19. Be3 $16 {0-1 Fercec,N (2451)-Bove,A (2369)/Padova 2011 (33)}) 9. Bxf6 {
In the interest of higher goals the attacker can use even somewhat dubious
methods. The voluntary parting with a strong bishop would have been an absurd
move, if it did not help to develop White's initiative.} (9. f4 e5 10. Nf5 Qb6
(10... Qc7 11. Kb1 h6 12. fxe5 dxe5 13. Bxf6 Nxf6 14. Nd5 Nxd5 15. exd5 O-O-O
16. g4 g6 17. Ne3 Bc5 18. Bg2 e4 19. c4 Kb8 20. cxb5 axb5 $11 {0-1 Antal,T 
(2352)-Sax,G (2486)/Kecskemet 2012 (31)}) 11. g3 Rc8 12. Bg2 g6 13. Ne3 Rxc3
14. bxc3 Qa5 15. Kb1 Qxc3 16. Rd3 Nxe4 17. Nd1 Qc4 18. Re1 f5 19. fxe5 Nxe5 20.
Bc1 Bd5 21. Rxd5 Qxd5 $17 {1/2-1/2 Kuzmin,G (2479)-Vitiugov,N (2592)/Sochi
2007 (34)}) (9. Nd5 Nxd5 10. exd5 Bxd5 11. Nxb5 axb5 12. Rxd5 Rxa2 13. Qxb5 h6
14. Bc4 Ra1+ 15. Kd2 Rxh1 16. Rxd6 hxg5 17. Bxf7+ Kxf7 18. Qf5+ Nf6 19. Rxd8 e6
20. Qd3 R8xh2 $17 {0-1 Melia,S (2462)-Parligras,M (2598)/Aix-les-Bains 2011 
(64)}) 9... gxf6 {Black can most likely recapture also with the knight, but he
would have had to have well prepared it at home.} (9... Nxf6 10. f4 (10. e5 $5
dxe5 11. Qxe5 Qb8 12. Qxb8+ Rxb8 13. Ndxb5 Rc8 14. Nd4 $14) 10... b4 11. Nd5
Nxd5 12. exd5 Qa5 13. Kb1 Bxd5 14. Nb3 Bxb3 15. axb3 e6 16. Qf3 d5 17. f5 Be7
18. fxe6 fxe6 19. Qh5+ g6 20. Qe5 Kd7 21. g3 $14 {1-0 Groszpeter,A (2483)
-Idani,P (2451)/Kecskemet 2012 (29)}) 10. Qh5 Rc8 {Wang Hao must try to come
to terms with the fact, that the enemy pieces are significantly restricting
his further development.} (10... Nc5 11. Bd3 e6 12. b4 Nxd3+ 13. Rxd3 Qd7 14.
a3 $14) 11. Nd5 Nc5 12. Be2 {Kokarev had declined to come back with the queen,
since the opponent would have immediately taken advantage of that for bringing
up his pieces.} (12. Qf3 Rg8 13. Bd3 Rg6 $1 14. Kb1 e6 $11) 12... Nxe4 13. Rhe1
Rc5 {[%mdl 4] The first independent move in the game is trying to improve the
defence which Kokarev had demonstrated with black pieces in the year 2011.} (
13... Bxd5 14. Qxd5 Bh6+ 15. Kb1 Nd2+ 16. Ka1 Rc5 17. Qb7 Qd7 18. Qxa6 O-O 19.
Bxb5 Qg4 20. c3 e5 21. Nf3 $16 {0-1 Danin,A (2543)-Kokarev,D (2576)/Olginka
2011 (46)}) 14. Nb3 Rxd5 15. Rxd5 e5 $5 {The Chinese chess star is an
exceptionally creative player. With the help of an exchange sacrifice he will
get few pawns and some tempi. This will give him fair chances of levelling the
prospects in the game.} (15... Bxd5 16. Qxd5 Nc5 17. Nxc5 Bh6+ 18. Kb1 dxc5 19.
Qxc5 O-O 20. Rd1 $16) (15... e6 16. Rdd1 f5 17. Kb1 $14) 16. Rd3 Nxf2 17. Rf3
$2 {An inconsequential move with the "cheap" idea of luring the enemy into a
dubious win of material. It was much more exact to centralise the rook along
the e-file, since the central conflict will be played out on that territory.} (
17. Re3 Ne4 18. Bf3 d5 19. Bxe4 dxe4 20. Rd1 Qb6 21. Re2 $14) 17... Ne4 (17...
Bxf3 $2 18. Qxf3 Qb6 19. Qxf6 Qe3+ 20. Kb1 Ne4 21. Qxh8 Nd2+ 22. Nxd2 Qxd2 23.
Bxb5+ axb5 24. Rc1 $16) 18. Bd3 Ng5 19. Rf2 (19. Rg3 Ne6 20. Kb1 Qb6 $11) 19...
Be7 20. Bf5 Qb6 21. Rd2 d5 22. Kb1 {Kokarev has sensibly abstained from
forcing the conflict with active moves, as his adversary was well prepared for
the battle.} (22. h4 Ne4 23. Bxe4 dxe4 24. Qh6 Bb4 25. c3 Bf8 26. Qh5 Bg7 $15)
22... h6 (22... a5 23. h4 Ne4 24. Bxe4 dxe4 25. Qg4 Kf8 26. Qh5 Kg7 $11) 23. h4
{Both players are slightly lost in the very unusual situation. Quite naturally
the more exact moves are much more accessible to the annotator in the quiet of
the home.} (23. Rde2 $1 e4 24. Rd1 Ne6 (24... b4 25. Nd4 $14) 25. Bxe6 Qxe6 26.
c3 $14) 23... Ne4 24. Bxe4 dxe4 25. Rde2 (25. a3 Qe6 26. Red1 Bc8 27. Qe2 $11)
25... Qe6 26. Nd2 f5 27. Rf1 $2 {Kokarev had no problems with realising the
necessity of undermining the mighty black pawn mass in the centre. A much more
difficult choice was what would be the best method to achieve the goal.} (27.
g4 fxg4 (27... Bc8 $2 28. Nxe4 $1 Qg6 (28... fxe4 29. Rxe4 $18) 29. Ng3 Qxh5
30. Nxh5 Bxh4 31. Rxe5+ $16) 28. Nxe4 O-O 29. Ng3 Qg6 30. Qxe5 Bxh4 31. Nf5 Bf6
32. Ne7+ Bxe7 33. Qxe7 Bf3 $15) 27... Bc8 28. g4 Qg6 $1 {The queen on the
h5-square is suddenly "locked in" and White is forced to improve the pawn
structure of his opponent.} 29. Qxg6 (29. Rxf5 $2 Qxh5 30. Rxh5 Bxg4 $19) 29...
fxg6 30. h5 (30. a4 Bxh4 31. gxf5 gxf5 32. Nxe4 fxe4 33. Rxe4 Be7 34. Rxe5 bxa4
$19) 30... O-O 31. hxg6 (31. gxf5 gxf5 32. c4 Be6 $17) 31... fxg4 $1 {Black is
an outstanding player who thrives on calculations. Thus it was not so
difficult for him to realise that his position is close to winning.} (31... f4
32. Rxe4 Bf6 33. Nf3 Bb7 34. Re2 e4 35. Nd2 e3 36. Rxf4 exd2 37. Rxd2 Re8 38.
Rf1 Re6 $17) 32. Rxf8+ (32. Rd1 Bf5 33. Nxe4 Bxg6 34. Nc3 g3 35. Rxe5 Bg5 $1
$19) 32... Kxf8 33. Rf2+ $6 {The first player is lost and he needs very much
to change the course of the game. The direct attack of the rook fails due to
an amusing combination.} (33. a4 bxa4 34. Rxe4 Bg5 35. Nf1 Bf4 $19) (33. Nxe4
Kg7 34. Ng3 Bf6 35. b3 Kxg6 36. Rd2 Bh4 37. Rd6+ Kg5 38. Ne4+ Kh5 39. Rd5 g3
40. Rxe5+ Kg4 $19) 33... Kg7 $1 34. Rf7+ (34. Nxe4 Kxg6 35. Kc1 Bb7 36. Re2 h5
37. Kd2 h4 $19) 34... Kxg6 35. Rxe7 g3 {Somewhat unsusual picture in the
practical game. White is not able to fight against the advancing pawn despite
the material advantage of the whole rook.} 36. Re8 Kf7 37. Rxc8 g2 (37... g2
38. Rc7+ Kg6 39. Rc6+ Kf5 $19) 0-1